000 00835nam a22002777a 4500
001 BR0704729
003 BR-BrBNA
005 20230928102528.0
007 ta
008 230509b bl.||||| |||| 00| 0 por d
040 _aBR-BrBNA
_bpor
_cBiblioteca Nacional de Agricultura
041 _a(Por)
072 _aL01
_b6100
090 _ 6100 BR0704729
100 1 _aCosta Filho, J.W. da
110 1 _aSecretaria da Agricultura, Indústria e Comércio do Estado de São Paulo, São Paulo (Brasil). Diretoria de Publicidade Agrícola
245 1 _aA criação de pintos
260 3 _aSão Paulo, SP (Brasil):
_c1939.
300 _a24 p.
500 _aDocumento microfilmado e tratado BR7316272
650 _aPINTO
650 _aCRIAÇÃO
650 _aPRODUÇÃO ANIMAL
909 _a202309
_bLucia
_c55
_dLucia Elande
942 _cBK
999 _c71222
_d71222